000 00763nam a2200289Ia 4500
003 OSt
005 20220928113721.0
006 a|||||r|||| 00| 0
007 ta
008 220927b |||||||| |||| 00| 0 eng d
020 _c0
024 _a99153
037 _bGIFT, 18/09/2009, Gift
_cTextual
040 _aSDCL
_cSDCL
_beng
041 _2eng
_aeng
082 _aI, P5
100 _aLack A J
_9434679
245 0 _aPlant biology.
250 _a2
260 _aNew Delhi
_bViva Books Private Limited
_c2005
300 _avii,351p.
_ccm.
490 _aInstant Notes Series
650 _aGift
_9391569
700 _a Evans D E
_9434680
942 _hI, P5
_cTEXL
_2CC
999 _c750979
_d750979